000 00327nam a2200133Ia 4500
005 20251222155038.0
008 251222s9999||||xx |||||||||||||| ||spa||
082 _aADM.38
100 _aBALDERAS
245 0 _aAdministración de los servicios de enfermería
250 _a3ra. ed.
264 _bMcGraw-Hill Int.
942 _cLIB
999 _c36821
_d36821